Čím se chlubíš?

Bibliographic Details
Format: Book
Language:Czech
Published: Mladá Boleslav Večernice 1929
Subjects:

MARC

LEADER 00000cam a2200000 a 4500
001 vtls001426458
003 SK-MaSNL
005 20260302072533.0
008 240226s1929 xr f 000 0 cze
015 |a SNBA1981 
020 |q (viazané) 
035 |a SNK000381398 
035 |a urn:nbn:sk:snk-am3hz5l 
035 |a 9A4B4716-EB18-4BA7-8A82-F9DDE315639F 
035 |a urn:nbn:sk:snk-am00de60 
040 |a SNK  |b slo  |c SNK  |e AACR2 
041 0 |a cze 
044 |a xr  |c CZ 
072 7 |a 2  |x Náboženstvo  |2 konspekt 
080 |a 2-67  |2 2011 
080 |a (041)  |2 2011 
245 0 0 |a Čím se chlubíš? 
260 |a Mladá Boleslav  |b Večernice  |c 1929 
300 |a [3] nečíslované strany  |c 24 cm 
650 0 7 |a náboženstvo a spoločnosť  |2 SNKPH  |9 4228 
655 7 |a brožúry  |2 SNKPH  |9 70146 
958 |a RK 
958 |a TL 
958 |a NT 
958 |a SP 
958 |a CZ 
958 |a ONDV 
999 |c 1156921  |d 1158851 
952 |a SNK  |b SNK  |y PREZ  |7 0  |p 17A0326670  |o snkSC 9475  |i snkK 1459/81  |8 3  |0 0  |1 0  |4 0  |d 2019-09-11  |f 1  |l 0  |r 2025-07-09 00:00:00  |w 2026-02-24